Les équations aux dérivées partielles /
Guardado en:
| Autor Corporativo: | |
|---|---|
| Formato: | Libro |
| Idioma: | French |
| Publicado: |
Paris :
Éditions du Centre national de la recherche scientifique,
1963.
|
| Series: | Colloques internationaux du Centre national de la recherche scientifique ;
no 117 |
| Materias: | |
| Etiquetas: |
Agregar Etiqueta
Sin Etiquetas, Sea el primero en etiquetar este registro!
|
| LEADER | 00966cam a22002295a 4500 | ||
|---|---|---|---|
| 001 | MAT.inmabb005086 | ||
| 008 | 751205s1963####fr#######b####100#0#fre## | ||
| 005 | 20160530122128.0 | ||
| 245 | 0 | 4 | |a Les équations aux dérivées partielles / |c Paris, 25-30 juin 1962. |
| 260 | |a Paris : |b Éditions du Centre national de la recherche scientifique, |c 1963. | ||
| 300 | |a 223 p. ; |c 25 cm. | ||
| 490 | 1 | |a Colloques internationaux du Centre national de la recherche scientifique ; |v no 117 | |
| 500 | |a "Actes du Colloque International no 117 ... ". | ||
| 504 | |a Incluye referencias bibliográficas. | ||
| 510 | 4 | |a MR, |c 28 #1078 | |
| 710 | 2 | |a Centre national de la recherche scientifique (Francia) | |
| 810 | 2 | |a Centre national de la recherche scientifique (Francia). |t Colloques internationaux ; |v no 117. | |
| 650 | 0 | |a Differential equations, Partial. | |
| 084 | |a 35-06 |2 msc2000 | ||
| 010 | |a 65051764 | ||
| 040 | |a DLC |c FMU |d OCoLC |d DLC | ||
| 859 | |h 35 |i Eq64 |p A-2509 |b BIB. MATEMATICA | ||
